<?xml version="1.0" encoding="UTF-8"?>
<record
    xmlns:xsi="http://www.w3.org/2001/XMLSchema-instance"
    xsi:schemaLocation="http://www.loc.gov/MARC21/slim http://www.loc.gov/standards/marcxml/schema/MARC21slim.xsd"
    xmlns="http://www.loc.gov/MARC21/slim">

  <leader>01543nam a2200289   4500</leader>
  <controlfield tag="003">EG-NbEJU</controlfield>
  <controlfield tag="005">20260315085738.0</controlfield>
  <controlfield tag="008">260315s2018    ||| |||g |||| 00| 0 eng d</controlfield>
  <datafield tag="017" ind1=" " ind2=" ">
    <subfield code="a">2018/17673</subfield>
  </datafield>
  <datafield tag="020" ind1=" " ind2=" ">
    <subfield code="a">9789770288061</subfield>
    <subfield code="q">Paperback</subfield>
  </datafield>
  <datafield tag="040" ind1=" " ind2=" ">
    <subfield code="a">EG-NbEJU</subfield>
    <subfield code="b">eng</subfield>
    <subfield code="c">EG-NbEJU</subfield>
  </datafield>
  <datafield tag="041" ind1=" " ind2=" ">
    <subfield code="a">eng</subfield>
  </datafield>
  <datafield tag="050" ind1=" " ind2=" ">
    <subfield code="a">B753.G3</subfield>
    <subfield code="b"> T3 2018</subfield>
  </datafield>
  <datafield tag="100" ind1=" " ind2=" ">
    <subfield code="a"> &#x627;&#x644;&#x63A;&#x632;&#x627;&#x644;&#x64A;&#x60C; &#x627;&#x628;&#x648; &#x62D;&#x627;&#x645;&#x62F; &#x645;&#x62D;&#x645;&#x62F; &#x628;&#x646; &#x645;&#x62D;&#x645;&#x62F; </subfield>
  </datafield>
  <datafield tag="245" ind1=" " ind2=" ">
    <subfield code="a">&#x62A;&#x647;&#x627;&#x641;&#x62A; &#x627;&#x644;&#x641;&#x644;&#x627;&#x633;&#x641;&#x629; &#x644;&#x644;&#x625;&#x645;&#x627;&#x645; &#x627;&#x644;&#x63A;&#x632;&#x627;&#x644;&#x64A;/</subfield>
    <subfield code="c"> &#x627;&#x628;&#x648; &#x62D;&#x627;&#x645;&#x62F; &#x627;&#x644;&#x63A;&#x632;&#x627;&#x644;&#x64A; &#x645;&#x62D;&#x645;&#x62F; &#x628;&#x646; &#x645;&#x62D;&#x645;&#x62F;; &#x633;&#x644;&#x64A;&#x645;&#x627;&#x646; &#x62F;&#x646;&#x64A;&#x627;</subfield>
  </datafield>
  <datafield tag="250" ind1=" " ind2=" ">
    <subfield code="a">&#x627;&#x644;&#x637;&#x628;&#x639;&#x629; &#x627;&#x644;&#x62D;&#x627;&#x62F;&#x64A;&#x629; &#x639;&#x634;&#x631; </subfield>
  </datafield>
  <datafield tag="260" ind1=" " ind2=" ">
    <subfield code="a">&#x627;&#x644;&#x642;&#x627;&#x647;&#x631;&#x629;: </subfield>
    <subfield code="b">&#x62F;&#x627;&#x631; &#x627;&#x644;&#x645;&#x639;&#x627;&#x631;&#x641;&#x60C; </subfield>
    <subfield code="c">2018.</subfield>
  </datafield>
  <datafield tag="300" ind1=" " ind2=" ">
    <subfield code="a">&#x635;&#x641;&#x62D;&#x629; 371;</subfield>
    <subfield code="c">&#x633;&#x645; 24.</subfield>
  </datafield>
  <datafield tag="490" ind1=" " ind2=" ">
    <subfield code="a">&#x630;&#x62E;&#x627;&#x626;&#x631; &#x627;&#x644;&#x639;&#x631;&#x628;</subfield>
    <subfield code="v">15</subfield>
  </datafield>
  <datafield tag="500" ind1=" " ind2=" ">
    <subfield code="a">&#x643;&#x62A;&#x627;&#x628; &#x641;&#x64A; &#x646;&#x642;&#x62F; &#x627;&#x644;&#x641;&#x644;&#x633;&#x641;&#x629; &#x627;&#x644;&#x64A;&#x648;&#x646;&#x627;&#x646;&#x64A;&#x629; &#x648;&#x628;&#x639;&#x636; &#x622;&#x631;&#x627;&#x621; &#x627;&#x644;&#x641;&#x644;&#x627;&#x633;&#x641;&#x629; &#x627;&#x644;&#x645;&#x633;&#x644;&#x645;&#x64A;&#x646;</subfield>
  </datafield>
  <datafield tag="520" ind1=" " ind2=" ">
    <subfield code="a">&#x64A;&#x639;&#x62F; &#x647;&#x630;&#x627; &#x627;&#x644;&#x643;&#x62A;&#x627;&#x628; &#x645;&#x646; &#x623;&#x647;&#x645; &#x645;&#x624;&#x644;&#x641;&#x627;&#x62A; &#x627;&#x644;&#x63A;&#x632;&#x627;&#x644;&#x64A; &#x641;&#x64A; &#x646;&#x642;&#x62F; &#x627;&#x644;&#x641;&#x644;&#x633;&#x641;&#x629;&#x60C; &#x62D;&#x64A;&#x62B; &#x64A;&#x646;&#x627;&#x642;&#x634; &#x641;&#x64A;&#x647; &#x622;&#x631;&#x627;&#x621; &#x627;&#x644;&#x641;&#x644;&#x627;&#x633;&#x641;&#x629; &#x627;&#x644;&#x645;&#x633;&#x644;&#x645;&#x64A;&#x646; &#x627;&#x644;&#x645;&#x62A;&#x623;&#x62B;&#x631;&#x64A;&#x646; &#x628;&#x627;&#x644;&#x641;&#x644;&#x633;&#x641;&#x629; &#x627;&#x644;&#x64A;&#x648;&#x646;&#x627;&#x646;&#x64A;&#x629; &#x645;&#x62B;&#x644; &#x627;&#x628;&#x646; &#x633;&#x64A;&#x646;&#x627; &#x648;&#x627;&#x644;&#x641;&#x627;&#x631;&#x627;&#x628;&#x64A;&#x60C; &#x648;&#x64A;&#x639;&#x631;&#x636; &#x62D;&#x62C;&#x62C;&#x647; &#x627;&#x644;&#x643;&#x644;&#x627;&#x645;&#x64A;&#x629; &#x648;&#x627;&#x644;&#x641;&#x644;&#x633;&#x641;&#x64A;&#x629; &#x644;&#x644;&#x631;&#x62F; &#x639;&#x644;&#x649; &#x628;&#x639;&#x636; &#x642;&#x636;&#x627;&#x64A;&#x627; &#x627;&#x644;&#x645;&#x64A;&#x62A;&#x627;&#x641;&#x64A;&#x632;&#x64A;&#x642;&#x627; &#x645;&#x62B;&#x644; &#x642;&#x62F;&#x645; &#x627;&#x644;&#x639;&#x627;&#x644;&#x645; &#x648;&#x639;&#x644;&#x645; &#x627;&#x644;&#x644;&#x647; &#x628;&#x627;&#x644;&#x62C;&#x632;&#x626;&#x64A;&#x627;&#x62A;.
</subfield>
  </datafield>
  <datafield tag="650" ind1=" " ind2=" ">
    <subfield code="a">&#x627;&#x644;&#x641;&#x644;&#x627;&#x633;&#x641;&#x629; &#x627;&#x644;&#x645;&#x633;&#x644;&#x645;&#x64A;&#x646; </subfield>
  </datafield>
  <datafield tag="650" ind1=" " ind2=" ">
    <subfield code="2">&#x627;&#x644;&#x641;&#x644;&#x633;&#x641;&#x629; &#x627;&#x644;&#x627;&#x633;&#x644;&#x627;&#x645;&#x64A;&#x629; </subfield>
  </datafield>
  <datafield tag="700" ind1=" " ind2=" ">
    <subfield code="a">&#x62F;&#x646;&#x64A;&#x627;&#x60C; &#x633;&#x644;&#x64A;&#x645;&#x627;&#x646;</subfield>
    <subfield code="e">&#x645;&#x62D;&#x642;&#x642; &#x648; &#x645;&#x642;&#x62F;&#x645; </subfield>
  </datafield>
  <datafield tag="901" ind1=" " ind2=" ">
    <subfield code="a">Rowan </subfield>
  </datafield>
  <datafield tag="942" ind1=" " ind2=" ">
    <subfield code="2">lcc</subfield>
    <subfield code="n">0</subfield>
    <subfield code="c">BK</subfield>
  </datafield>
  <datafield tag="999" ind1=" " ind2=" ">
    <subfield code="c">7802</subfield>
    <subfield code="d">7802</subfield>
  </datafield>
  <datafield tag="952" ind1=" " ind2=" ">
    <subfield code="0">0</subfield>
    <subfield code="1">0</subfield>
    <subfield code="2">lcc</subfield>
    <subfield code="4">0</subfield>
    <subfield code="7">0</subfield>
    <subfield code="a">EJUST</subfield>
    <subfield code="b">EJUST</subfield>
    <subfield code="d">2026-03-15</subfield>
    <subfield code="l">0</subfield>
    <subfield code="o">B753.G3  T3 2018</subfield>
    <subfield code="p">10015170</subfield>
    <subfield code="r">2026-03-15 08:53:46</subfield>
    <subfield code="t">C. 1</subfield>
    <subfield code="w">2026-03-15</subfield>
    <subfield code="y">BK</subfield>
  </datafield>
</record>
